000 00917cac a2200289 a 4500
003 Co-PeBPM
005 20260407120912.0
007 ta
008 231129s2014||||ck a||||||||||||| ||spa||
020 _a9789583054570
040 0 _aCo-PeBPM
_bspa
_cCo-PeBPM
_erda
041 _aspa
082 0 4 _a(i) 590 S655p
_222
100 1 _aSmith, Miranda
_eautor
245 0 _aPregúntale a un animal
_b: ¿Por qué los animales hacen muchas cosas mejor que nosotros?
_c/ Miranda Smith, traducción Yolanda Enciso
260 _aBogotá , Colombia
_b: Panamericana
_c, 2014
264 _a
300 _a80 páginas
_b: ilustraciones a color
_c; 28 centímetros
500 _aIncluye índice.
504 _aIncluye bibliografía.
650 1 7 _aAnimales
_2LEMB
650 1 7 _aLiteratura juvenil
_2LEMB
650 1 7 _aHábitos
_2LEMB
650 1 7 _aConducta
_2LEMB
700 _aEnciso, Yolanda
_etraducción
942 _2ddc
_cBK
999 _c23130
_d23130